Types of slimes in terraria - Statistics

General Stats
  • This quiz has been taken 25 times
  • The average score is 22 of 30
Answer Stats
Hint Answer % Correct
Classic slime. Green slime
100%
A bit stronger slime in forest biome. Blue slime
95%
Slime in corruption biome. Corrupt slime
95%
Slime in snow biome. Ice slime
95%
Slime what when you kill it makes some slimes. Mother slime
95%
The strongest slime in forest biome. Purple slime
95%
Slime what makes you blind in cavern. Black slime
90%
Slime in jungle. Jungle slime
90%
Slime in desert biome. Sand slime
90%
Substitute of slime above, but in underground. Yellow slime
90%
A slime in underworld. Lava slime
86%
The rarest slime. Pinky
86%
Better slime than one of weakest slimes. Red slime
86%
A tiny slime from slime above. Baby slime
81%
Slime in dungeon. Dungeon slime
81%
An expert version of above. Spiked slime
81%
A better version of slime above. Spiked ice slime
76%
Better slime in jungle. Spiked jungle slime
76%
Slime in rain event. Umbrella slime
76%
A hardmode slime, that only spawns when it's raining. Rainbow slime
71%
Slime in crimson biome. Crimslime
62%
Slime in uderground hallow. Illuminant slime
62%
A shooting with crystal spikes slime spawned by queen slime. Crystal slime
52%
A flying slime, that spawns in hallow. Gastropod
48%
Slime in underground corruption. Slimer
48%
Has a chance to give player poisoned effect. Toxic sludge
48%
A shooting with bouncy gel slime, spawned by queen slime. Bouncy slime
43%
Slime in corruption that awaken after killing slime above. Slimeling
43%
A halloween event slime. Hoppin' jack
38%
A flying slime, spawned by queen slime. Heavenly slime
33%
No matching quizzes found
Score Distribution
Percent of People with Each Score
Percentile by Number Answered
Your Score History
You have not taken this quiz